000 00420nam a2200133Ia 4500
003 GCL
008 140319s9999 xx 000 0 ara d
040 _aGCL /
_cGCL
082 0 4 _a361.4
_bس ط
100 1 _aسمير حسن منصور
245 1 0 _aطريقة العمل مع الجماعات: مفاهيم أساسية ومواقف تطبيقية /
_cسمير حسن منصور
300 _a290
490 _a100 قصة
_v0
999 _c43353
_d43353